LEADER 00929nam a2200241 u 4500 001 000000065175 003 CaOOAMICUS 005 20070226121434.0 008 011203q it u000 u ita u 035 $a10912270 040 $aPUL(R)$bita 100 1 $aCesca, Giovanni,$d1858-1908.$0(OLS)http://pul/name/43929 245 13$aLa filosofia dell'azione /$cGiovanni Cesca. 260 $aMilano :$bSandron,$c[S.d.] 300 $a330 p. ;$c19 cm 490 1 $aBiblioteca Sandron di scienze e lettere ;$v38 650 4$aFilosofia.$0(OLS)http://pul/subject/362 830 0$aBiblioteca Sandron di scienze e lettere ;$v38.$0(OLS)http://pul/title/31318 850 $aPUL 852 $aPUL$W1$xDP2 Filosofia 1$y62$m92 F 5$j84424$nBK-PRI$b $qStampati$B84424$CPULBib$Z2$F84424 $81 941 1 $a8 996 $6245$aLa filosofia dell'azione$9(OLS)http://pul/title/86740 996 $6260$aMilano :$bSandron$9(OLS)http://pul/publisher/53103 LEADER 01896nam a2200325 a 4500 001 000000146080 003 CaOOAMICUS 005 20150928144414.0 008 150928s2014 it a u000 u ita r 020 $a978-88-909651-6-6 040 $aPUL$bita 082 04$a282.092 100 1 $aCoppola, Salvatore.$0(OLS)http://pul/name/93482 245 10$aFortiter in re, suaviter in modo :$bmonsignor Giovanni Panico, il diplomatico salentino al servizio della Santa Sede negli anni di Pio XI. La missione diplomatica di Panico in Colombia, Argentina, Cecoslovacchia, Baviera e Saar (1923-1935) /$cSalvatore Coppola ; prefazione di Marek Smid. 260 $a[S.l.] :$bGiorgiani$g2014 300 $a334 p. :$bill. ;$c23 cm 500 $aIn testa al front.: Pia Fondazione di Culto e Religione "Card. G. Panico", Polo didattico universitario-Azienda ospedaliera. 504 $aBibliografia in nota. 600 14$aPanico, Giovanni,$ccard.,$d1895-1962.$0(OLS)http://pul/subject/42204 650 4$aDiplomazia pontificia$ySec. XX.$0(OLS)http://pul/subject/42203 700 1 $aSmid, Marek.$0(OLS)http://pul/name/93485 710 2 $aPia Fondazione di Culto e Religione "Card. G. Panico".$0(OLS)http://pul/name/93486 850 $aPUL 852 $aPUL$W1$xDP2 Religione 3$y114$m282. 092 PANGI 1$j168997$qDDC 21$B169733$CPULBib$Z2$F169733 $H126254 $82 941 1 $a9 996 $6020$a978-88-909651-6-6$9(OLS)http://pul/number/158727 996 $6082$a282.092$9(OLS)http://pul/classification/402 996 $6245$aFortiter in re, suaviter in modo :$bmonsignor Giovanni Panico, il diplomatico salentino al servizio della Santa Sede negli anni di Pio XI. La missione diplomatica di Panico in Colombia, Argentina, Cecoslovacchia, Baviera e Saar (1923-1935)$9(OLS)http://pul/title/184676 996 $6260$a[S.l.] :$bGiorgiani$9(OLS)http://pul/publisher/83837